00468nam a2200181 a 4500001001300000003000900013005001700022008004100039020001000080082001800090100001700108245004000125260004000165300000900205500003500214650002000249700001700269nice12345678IN_TiNIC20260116014452.0070413s2006 newa grp 000 0 eng  ac19500a294.5513bWIL aWilking, W J aHindu Mythologyb Vedic and Puranic aNew Delhi bRupa and Company c2006 a499p aincludes index and biblioraphy aMythology-Hindu1 aWilking, W J